| 000 | 02128nam a22006617a 4500 | ||
|---|---|---|---|
| 005 | 20250808130809.0 | ||
| 008 | 150508b2006 xxu||||| |||| 00| 0 spa d | ||
| 020 | _a97026073710 | ||
| 041 | _aESP | ||
| 082 | _a658.409.2 H887d | ||
| 100 |
_aHuerta, Juan José _937488 |
||
| 100 |
_aRodríguez, Gerardo _937489 |
||
| 245 | _aDesarrollo de habilidades directivas | ||
| 260 | _aMéxico | ||
| 260 | _bPearson Educación | ||
| 260 | _c2006 | ||
| 300 | _a306 páginas | ||
| 490 | _aDirección y Administración de Empresas | ||
| 650 | _aLIDERAZGO EJECUTIVO | ||
| 650 | _aPLANEACIÓN | ||
| 650 | _aETAPAS DEL PROCESO ADMINSTRATIVO | ||
| 650 | _aHERRAMIENTAS DE LA PLANEACIÓN | ||
| 650 | _aESTRATEGIAS | ||
| 650 | _aORGANIZACIÓN | ||
| 650 | _aASPECTOS TÉCNICOS DE ORGANIZACIÓN | ||
| 650 | _aJERARQUIZACIÓN | ||
| 650 | _aDIRECCIÓN | ||
| 650 | _aFORMACIÓN DE DIRECTIVOS EFICACES | ||
| 650 | _aTEORÍAS DE LA MOTIVACIÓN | ||
| 650 | _aSUPERVICIÓN | ||
| 650 | _aCONTROL | ||
| 650 | _aPROCESO DE CONTROL | ||
| 650 | _aMÉTODOS DE CASOS | ||
| 650 | _aCASOS PRÁCTICOS | ||
| 650 | _aCOMUNICACIÓN | ||
| 650 | _aDIFERENTES TIPOS Y MANIFESTACINES DE LA COMUNICACIÓN | ||
| 650 | _aESTRATEGIAS PARA SABER ESCUCHAR | ||
| 650 | _aBARRERAS DE LA COMUNICACIÓN | ||
| 650 | _aHABILIDADES Y TÉCNICAS PARA MEJORAR LA ESCUCHA | ||
| 650 | _aCOMUNICACIÓN NOVERBAL CORPORAL | ||
| 650 | _aCOMUNICACIÓN NO VERBAL VOCAL | ||
| 650 | _aCREATIVIDAD | ||
| 650 | _aTÉCNICAS DE CREATIVIDAD | ||
| 650 | _aEJERCICIOS DE CREATIVIDAD | ||
| 650 | _aTRABAJO EN EQUIPO | ||
| 650 | _aMANEJO DE CONFLICTOS Y NEGOCIACIÓN | ||
| 650 | _aETAPAS DE DESARROLO DE LOS EQUIPOS | ||
| 650 | _aESTRATEGIAS PARA LA NEGOCIACIÓN | ||
| 650 | _aTIEMPO | ||
| 650 | _aLEYES BÁSICAS | ||
| 650 | _aGENERACIONES DE LA ADMINISTRACIÓN DEL TIEMPO | ||
| 650 | _aEVALUACIÓN DE EQUIPOS DE TRABAJO | ||
| 650 | _aQUIEN DEBE DE EVALUAR | ||
| 650 | _aDIRECCIÓN Y LIDERAZGO | ||
| 650 | _aDESARROLLO DE LAS ORGANIZACIONES Y DEL DIRECTIVO | ||
| 650 | _aEL ESTRÉS EN LAS ORGANIZACIONES | ||
| 942 |
_cBK _2ddc |
||
| 999 |
_c5270 _d5270 |
||